000 00715nam a2200241Ia 4500
003 OSt
005 20220926004642.0
006 a|||||r|||| 00| 0
007 ta
008 220923b |||||||| |||| 00| 0 eng d
037 _cGeneral Book
040 _aRTL
_cRTL
_beng
041 _2eng
_aeng
082 _aX.2.N7, L1
100 _aMaheshwari B P
_9309069
245 0 _aIndustrial and agricultural development of India since 1914
260 _a New Delhi
_bS Chand
_c1971
300 _axv, 290p
_ccm.
500 _aBibliography p 283-88; Appendixes p 269-82
650 _aIndia Economic Conditions
_940151
942 _hX.2.N7, L1
_cGB
_2CC
999 _c611875
_d611875